Philosophy of the masters/ (Record no. 146725)

MARC details
000 -LEADER
fixed length control field 00588nam a22001937a 4500
005 - DATE AND TIME OF LATEST TRANSACTION
control field 20171017170622.0
010 ## - LCCN (DPL NO)
LC control number ENG-120878
020 ## - INTERNATIONAL STANDARD BOOK NUMBER
Terms of availability 50.00
International Standard Book Number 97881825568563
035 ## - SYSTEM CONTROL NUMBER
System control number EN-104410
037 ## - SOURCE OF ACQUISITION
Source of stock number/acquisition DBAD/PUB
082 ## - DEWEY DECIMAL CLASSIFICATION NUMBER
Classification number 230.64
245 ## - TITLE STATEMENT
Title Philosophy of the masters/
Statement of responsibility, etc trancleted by Sawan Singh
260 ## - PUBLICATION, DISTRIBUTION, ETC. (IMPRINT)
Place of publication, distribution, etc Punjab
Name of publisher, distributor, etc Radha Soami Satsang Beas
Date of publication, distribution, etc 2009
270 ## - ADDRESS
Address Dera Baba Jaimal Singh
City Punjab
Postal code 143204
300 ## - PHYSICAL DESCRIPTION
Extent vol-2-(xi,324p.)
Dimensions 22cm(Hb)
500 ## - GENERAL NOTE
General note Same ISBN -9788121407786 (EN-100541)
700 ## - ADDED ENTRY--PERSONAL NAME
Personal name Sawan Singh
942 ## - ADDED ENTRY ELEMENTS (KOHA)
Source of classification or shelving scheme Dewey Decimal Classification
Item type English Books
Classification part 230.64
Call number suffix PHI
Holdings
Withdrawn status Lost status Materials specified (bound volume or other part) Not for loan Collection code Home library Current library Date acquired Source of acquisition Cost, normal purchase price Full call number Barcode Copy number Cost, replacement price Koha item type
    vol-2 Not For Loan Non-fiction D.B.Act.Division Bawana 17/10/2017 DBAD/PUB 50.00 230.64 PHI EN-104410 1 50.00 English Books

© Delhi Public Library
Hit Counter
free hit counter